000
00285nam a22001337a 4500
008
170216b xxu||||| |||| 00| 0 eng d
020
_a
9780397553723
041
_a
eng
080
_2
5TH
_a
615
100
_a
5
101
_a
SHF
245
_a
DRUG THERAPY
_c
ABRAMS, A.C
942
_2
udc
_c
BK
999
_c
5746
_d
5746